000 00384nam a22001337a 4500
999 _c54980
_d54980
008 200203b ||||| |||| 00| 0 eng d
041 _aeng
080 _a043.3
082 _a043.3
100 _a0
101 _aBTH
245 _aRëndësia e Shesheve Urbane si Hapësira Publike në Jetën Shoqërore- Dizajnimi i Sheshit të ri në Qytetin e Podujevës
_cHoxha,E
942 _2udc
_cBK